Backwords Countries - Statistics

General Stats
  • This quiz has been taken 49 times
  • The average score is 20 of 20
Answer Stats
Hint Answer % Correct
natsinahgfA Afghanistan
100%
aireglA Algeria
100%
surpyC Cyprus
100%
yragnuH Hungary
100%
itabiriK Kiribati
100%
senippilihP Philippines
100%
lageneS Senegal
100%
emaniruS Suriname
100%
yekruT Turkey
100%
aleuzeneV Venezuela
100%
ewbabmiZ Zimbabwe
100%
muigleB Belgium
98%
edreV epaC Cape Verde
98%
rodavlaS lE El Salvador
98%
alametauG Guatemala
98%
sarudnoH Honduras
98%
racsagadaM Madagascar
98%
sdnalrehteN Netherlands
98%
aikazolS Slovakia
95%
aeniuG lairotauqE Equatorial Guinea
93%
No matching quizzes found
Score Distribution
Percent of People with Each Score
Percentile by Number Answered
Your Score History
You have not taken this quiz